000 00767nam a22002411 4500
001 134739
003 ES-MaACL
005 20240306144903.0
007 t|
008 070913s1959 sp ||||0| spa d
016 7 _zIND2000945024
040 _aM-BN
_bspa
_cCDM
080 _a225.07
100 1 _aWikenhauser, Alfred.
_9116800
245 1 0 _aIntroducción al Nuevo Testamento /
_cAlfred Wikenhauser ; [versión... por Daniel Ruiz Bueno de la 3ª edición alemana].
260 _aBarcelona :
_bHerder,
_c1960.
300 _a419 p. ;
_c22 cm.
630 4 _aBiblia.
_pN.T.-
_xCrítica e interpretación
_9119291
700 1 _aRuiz Bueno, Daniel.
_9100677
852 _aES-MaACL
_jC-18259
_bR.46709
999 _c134739
_d134739